[Event "Carlsen Inv Prelim"]
[Site "chess24.com INT"]
[Date "2020.04.21"]
[Round "2.1"]
[White "Ding, Liren"]
[Black "Caruana, Fabiano"]
[Result "1/2-1/2"]
[WhiteElo "2791"]
[BlackElo "2835"]
[Annotator "Seyb,A"]
[PlyCount "70"]
[EventDate "2020.04.18"]
[EventType "tourn (rapid)"]
[EventRounds "7"]
[EventCountry "USA"]
[EventCategory "22"]
[SourceTitle "CBM 196"]
[Source "ChessBase"]
[SourceDate "2020.06.30"]
[SourceVersion "1"]
[SourceVersionDate "2020.06.30"]
[SourceQuality "1"]

{[%evp 0,70,19,27,20,-19,-23,-10,0,-14,3,-14,27,43,45,2,45,-213,-55,-139,-113,
-121,-123,-82,-81,-75,-77,-70,-70,-65,-56,-59,-39,-33,-9,3,3,9,9,27,27,65,0,20,
44,20,44,-23,27,23,56,35,37,37,37,36,50,57,43,0,0,0,0,0,0,0,0,0,0,0,0,0,0]} 1.
Nf3 d5 2. g3 Nc6 3. d4 (3. Bg2 e5) 3... Bf5 4. Bg2 e6 {Black has already
managed to find a reasonable position for the Bc8, the development of which so
frequently causes problems in Catalan structures. In return the Nc6 is
actually in the "wrong" place, since supporting the centre by means of ...
c7-c6 is not possible. But in the short term the knight limits White's play. 
Schwarz hat es bereits geschafft, den Lc8, dessen Entwicklung in
Katalanisch-Strukturen so häufig Probleme bereitet, vernünftig zu
positionieren. Dafür steht der Sc6 eigentlich "falsch", da eine
Unterstützung des Zentrums mittels c7-c6 nicht möglich ist. Kurzfristig
schränkt der Springer aber das weiße Spiel ein.} 5. O-O (5. c4 Nb4 $1 (5...
dxc4 6. Qa4 Qd7 $13) 6. Na3 (6. O-O Nc2 {tr tr}) 6... h6 {In the longer term
the Nb4 will have to retreat. But firstly it has managed that White too has
been unable to develop his knight to c3 as he would have wished. Black has
secured a retreat for his Bf5, he wlill continue with ...c7-c6 and has a very
solid position. Der Sb4 wird längerfristig zurückweichen müssen. Zunächst
hat er aber erreicht, dass Weiß seinen Springer ebenfalls nicht wunschgemäß
nach c3 entwicklen konnte. Schwarz hat seinem Lf5 einen Rückzug gesichert,
wird mit c7-c6 fortsetzen und steht sehr solide.} (6... c6)) 5... Nb4 6. Na3
Nc6 7. Nb1 {Anything else would result in doubled pawns in the a-file. Alles
andere würde einen Doppelbauern auf a3 zur Konsequenz haben.} (7. b3 {is not
very ambitious, but it does block the queen's route to b3/a4. ist wenig
ambitioniert, versperrt es doch der Dame den Weg nach b3/a4.}) 7... Nb4 8. c4
$5 Nc2 9. cxd5 (9. Nh4 Nxa1 10. Nxf5 exf5 11. Nc3 (11. cxd5 $6 {This seems to
me to limit too greatly the dynamic options. White should not have sufficient
compensation. das scheint mir die dynamischen Optionen zu sehr einzuschränken.
Weiß dürfte nicht genügend Kompensation haben.} Bd6 12. Nc3 Ne7 13. Bg5 h6
14. Bxe7 Qxe7 15. e3 O-O 16. Qd3 Nb3 $1 17. axb3 g6 $15 18. Rc1 h5 19. h4 Rfd8
20. Na4 Rab8 21. Bf3 Kg7 22. Kg2 Rh8 23. Nc5 Rhd8 24. Rc4 Qf6 25. Rc1 Qe7 26.
Qc2 Rh8 27. Rh1 Rhd8 28. Nd3 Rh8 29. Qc3 Rhe8 30. Nf4 Rh8 31. Nh3 Rhe8 32. Ng5
Rec8 33. Rc1 c6 34. dxc6 bxc6 35. Bxc6 Rb6 36. d5+ Qf6 37. Nf3 Qxc3 38. Rxc3
Rcb8 39. Ba4 Rd8 40. Bc6 Rdb8 41. Ba4 Rd8 42. Rd3 Bb8 43. Rd2 Kf6 44. Kf1 Be5
45. Ke2 Rc8 46. Ne1 Ke7 47. Nd3 Bd6 48. Kd1 Rd8 49. Kc2 Bb4 50. Re2 Rxd5 51. e4
Rxd3 52. exf5+ Kf6 53. Kxd3 Kxf5 54. Re3 Kf6 55. Be8 Kg7 56. Rf3 Rf6 57. Rxf6 {
1/2-1/2 Petrosian,T (2606)-Martirosyan,H (2567)/Yerevan 2018/CBM 183}) 11...
Nf6 12. Bg5 (12. cxd5 {As in the previous game, this seems to lead to static
play. wie auch in der vorigen Partie scheint das zu einem zu statischen Spiel
zu führen.} Be7 13. Bf4 O-O 14. Qd3 Qd7 15. Rxa1 c6 $1 16. dxc6 bxc6 17. Qc4
Rac8 18. Na4 Rfd8 19. e3 Ne4 20. Rc1 c5 $1 {and if at all Black seems better.
und wenn überhaupt steht Schwarz besser.} 21. Bxe4 fxe4 22. Nxc5 Bxc5 23. dxc5
Qf5 24. h3 Qxh3 25. c6 Qf5 26. Qe2 Rd3 $17 27. c7 h5 (27... Qd7 $142 28. Rc2 h5
29. Qxh5 $2 Rd5 30. Qh4 (30. Qe2 g5) 30... f6 $19) 28. Kg2 Qd5 29. Rh1 g6 30.
g4 Qd7 31. Rh4 f6 32. Bg3 Kg7 33. gxh5 Rd2 34. Qc4 Qf5 35. h6+ Kh8 36. Rf4 Qd5
37. Qxd5 Rxd5 38. Rxf6 Kh7 39. Bd6 Kxh6 40. Rf8 {1-0 Roiz,M (2630)-Heberla,B 
(2484)/Port Erin 2007/CBM 120 Extra}) 12... Be7 13. Bxf6 Bxf6 14. Nxd5 O-O 15.
e3 $44 {The pawn structure, intact unlike in the previous game, is not easy
for Black lo lever open. Here the chances should be level. Die im Gegensatz zu
den Vorgängerpartien intakte Bauernstruktur ist für Schwarz nicht leicht
aufzuhebeln. Hier sollten die Chancen ausgeglichen sein.} c6 16. Nxf6+ Qxf6 17.
Qxa1 Rfe8 18. c5 $6 {Fixing things like this is unnecessary since ...c6-c5
does not represent a threat. Diese Festlegung ist unnötig, zumal c6-c5 keine
Drohung darstellte.} (18. b4 $142 a5 19. b5 cxb5 20. c5 $1 $13) 18... g5 19. b4
f4 20. d5 Qxa1 21. Rxa1 fxe3 22. dxc6 e2 23. Re1 Rad8 24. f4 bxc6 25. fxg5 Re6
26. Kf2 Rd2 27. a3 Ra2 28. b5 Rxa3 29. bxc6 Re5 30. Rxe2 Rf5+ 31. Ke1 Ra1+ 32.
Kd2 Ra2+ 33. Kd3 Rxe2 34. Kxe2 Rxg5 35. Kd3 Kf8 36. Be4 h6 37. Kc4 Ke7 38. Bd5
f6 {0-1 Maletin,P (2543)-Kobalia,M (2647)/Tomsk 2006/CBM 114 Extra}) 9... Nxa1
(9... exd5 $2 10. Nh4 $18) 10. dxe6 (10. e4 Bxe4 11. dxe6 f6 $2 (11... fxe6 12.
Nc3 Bxf3 13. Bxf3 {tr tr}) 12. Nc3 Bc2 13. Qe2 $16 c6 14. d5 Ne7 15. Nd4 Bg6
16. Bf4 Qb6 17. dxc6 Nxc6 18. Ndb5 O-O-O 19. e7 Nxe7 20. Qc4+ Nc6 21. Nxa7+
Qxa7 22. Bxc6 b5 23. Qe6+ Rd7 24. Nxb5 Qd4 25. Nxd4 {1-0 Matlakov,M (2694)
-Dzhumagaliev,Y (2400)/Tallinn 2016/CBM 176 Extra}) 10... fxe6 11. e4 Bxe4 12.
Nc3 (12. Re1 $5 Bxb1 13. Ng5 Bf5 14. Bxb7 (14. g4 $2 h6) 14... Ne7 (14... Be7
15. Rxe6 Nf6 (15... Bxe6 $2 16. Nxe6 Qd6 17. Qa4+ Kf7 18. Qc4 $18) 16. Qa4+ Nd7
17. Qc4 $13) (14... Bd6 15. Rxe6+ (15. Nxe6 Bxe6 16. Rxe6+ Kf8 17. Qf3+ Nf6 18.
Bxa8 Nc2 $15) 15... Bxe6 16. Nxe6 Qe7 17. Qe2 Rd8 18. Bd5 c6 $1 (18... Nf6 19.
Nxg7+ Kf8 20. Ne6+ Kg8 21. Bg5 Rf8 22. Nd8+ Kg7 23. Ne6+ Kg8 24. Nd8+ Kg7 25.
Ne6+ $11) 19. Bg5 (19. Bxc6+ Rd7 20. Bg5 Nf6 21. Bxf6 gxf6 22. Qh5+ Qf7 23.
Bxd7+ Ke7 $17) 19... cxd5 (19... Nf6 20. Nxg7+ Kf8 21. Ne6+ Ke8 22. Ng7+ Kd7
23. Be6+ Kc7 24. Nf5 Qf8 25. Qa6 Kb8 $13) 20. Bxe7 Nxe7 21. Nxd8 Kxd8 22. Qd1
Rf8 $15) 15. Nxe6 Bxe6 16. Rxe6 $44 {with powerful compensation for White. mit
mächtiger Kompensation für Weiß.} Rb8 (16... Kf7 17. Re5 c6 18. Bg5 h6 19.
Qf3+ Kg8 20. Bxe7 Bxe7 21. Bxc6 Bf6 22. Rd5 Qf8 23. Rd7 Rh7 24. Bxa8 g5 25.
Bd5+ Kh8 26. Rxh7+ Kxh7 27. Qd1 Qd6 28. Be4+ Kg7 29. Qxa1 Qxd4 30. Qe1 Qxb2 31.
Qa5 Qb6 32. Qf5 Bd4 33. Qh7+ Kf8 34. Bg6 Bg7 35. Be4 Bd4 36. Bd5 Bxf2+ 37. Kg2
Qf6 {1/2-1/2 Petrosian,T (2613)-Gorovets,A (2495)/Las Vegas 2018/CBM 185 Extra}
) 17. Qa4+ Kf7 18. Qc4 Rxb7 19. Rxe7+ Kxe7 20. Bg5+ Kd7 21. Bxd8 Kxd8 22. Qd5+
Kc8 23. Qe6+ Kd8 24. Qd5+ $11) 12... Bxf3 (12... Bf5 $6 13. Nh4 Qd7 (13... Bd6
14. Nxf5 exf5 15. Bxb7 Ne7 16. Bxa8 Qxa8 17. Bg5 $16 O-O 18. Bxe7 Bxe7 19. Qe2
Nc2 20. Qxc2 c5 21. Rc1 Qb7 22. d5 Bf6 23. d6 Qd7 24. Qb3+ Qf7 25. Nd5 Kh8 26.
Nxf6 Qxf6 27. d7 Qd6 {1-0 Assaubayeva,B (2374)-Vishwa,V (2011)/Budapest HUN
2020}) 14. Nxf5 exf5 15. Bxb7 Rb8 16. Re1+ $16 Be7 17. Bd5 Rb6 18. Bg5 Kf8 19.
Bf4 Nf6 20. Bc4 h5 21. h4 Rxb2 22. Qxa1 Rb6 23. Qd1 Bb4 24. Qd3 g6 25. Be5 Kg7
26. Rc1 Bxc3 27. Qxc3 Kh7 28. Qa5 Re8 29. Bb3 Rc6 30. Rxc6 Qxc6 31. Ba4 Qc1+
32. Kg2 Re6 33. Qb4 Ng4 34. Qf8 Rxe5 35. Qf7+ Kh6 36. Qf8+ Kh7 37. Qf7+ Kh6 38.
Qf8+ {1/2-1/2 Blohberger,F (2409)-Petrosyan,M (2569)/Batumi 2018/CBM 184}) 13.
Bxf3 Qd7 (13... c6 {looks at first glance to be more natural, in order to keep
the queenside stable. scheint auf den ersten Blick natürlicher zu sein, um
den Damenflügel stabil zu halten.} 14. Bg4 $1 (14. Re1 Nf6 15. Rxe6+ Be7 16.
Bf4 Qd7 17. Re3 O-O $15) 14... e5 (14... Nf6 15. Bxe6 $16) 15. Re1 Nf6 16.
Rxe5+ Be7 17. Be6 $16 {This bishop prevents castling to either side. dieser
Läufer verhindert beide Rochaden}) 14. Bxb7 Rb8 15. Bg2 Nf6 16. Qe2 Be7 17.
Bf4 $44 {The time has come to draw a conclusion about the opening: as
compensation for the rook he has sacrificed White has a pawn and the strong
light-squared bishop. Black should try to open further lines for his rooks 
(the ideal would be an exchange of the d4- and e6-pawns). If White manages (as
in this game) to keep the position static, the bishop pair gives him an
advantage. Hier ist es an der Zeit, das Fazit der Eröffnung zu ziehen: Weiß
hat als Ausgleich für den geopferten Turm einen Bauern und den starken
weißfeldrigen Läufer. Schwarz sollte versuchen, weitere Linien für seine
Türme zu öffnen (ideal wäre ein Tausch der Bauern d4 und e6). Schafft es
Weiß (wie in dieser Partie) die Stellung statisch zu halten, gibt ihm das
Läuferpaar bereits Vorteil} O-O 18. Rxa1 Nd5 $6 {This looks illogical, since
the c7- and d5-pawns will be permanently weak. Das sieht unlogisch aus, da die
Bauern c7 und d5 dauerhaft schwach sein werden.} (18... Bd6 $142 {Exchanging
the Bf4 makes sense. in order to split the bishop pair and to strengthen the
c7-pawn. Der Abtausch des Lf4 macht Sinn, um das Läuferpaar zu spalten und
den Bauern c7 zu stärken.} 19. Be3 Kh8 $11 {White has to keep an eye on the
breakthroughs ...c7-c5 and ...e6-e5. Black is at first threatening nothing on
the light squares. The position is in dynamic balance. Weiß muss die
Durchbrüche c7-c5 bzw. e6-e5 im Auge behalten. Auf den weißen Feldern droht
Schwarz zunächst nichts. Die Stellung ist im dynamischen Gleichgewicht.}) 19.
Nxd5 exd5 20. Rc1 Rb7 (20... Rxf4 $5) 21. Qh5 Rf5 (21... c6 22. Bh3 Qe8 23.
Be6+ Kh8 24. Qxe8 Rxe8 25. Rxc6 Rxb2 26. Bxd5 $14) 22. Qe2 (22. Bh3 Rxh5 23.
Bxd7 Bg5 $1 24. Rxc7 Rxc7 25. Bxc7 Rh6 $11) 22... Rf7 23. h4 (23. Bf3 $142 $14
{and then Bg4 nebst Lg4}) 23... c6 24. Bf3 Bf6 25. Bg4 Re7 26. Bxd7 Rxe2 27.
Bxc6 Rbxb2 28. Bxd5+ Kf8 29. Rc7 Bxd4 30. Bd6+ Ke8 31. Bc6+ Kd8 32. Rd7+ Kc8
33. Rc7+ Kd8 34. Rd7+ Kc8 35. Rc7+ Kd8 1/2-1/2

[Event "Carlsen Inv Prelim"]
[Site "chess24.com INT"]
[Date "2020.04.21"]
[Round "2.3"]
[White "Ding, Liren"]
[Black "Caruana, Fabiano"]
[Result "1-0"]
[WhiteElo "2791"]
[BlackElo "2835"]
[Annotator "Edouard,R"]
[PlyCount "87"]
[EventDate "2020.04.18"]
[EventType "tourn (rapid)"]
[EventRounds "7"]
[EventCountry "USA"]
[EventCategory "22"]
[SourceTitle "CBM 196"]
[Source "ChessBase"]
[SourceDate "2020.06.30"]
[SourceVersion "1"]
[SourceVersionDate "2020.06.30"]
[SourceQuality "1"]

{[%evp 0,87,19,29,23,-8,32,23,12,4,10,-10,13,5,10,22,13,13,40,1,17,26,30,15,0,
17,6,21,21,18,38,-10,21,-9,-13,-25,-22,-39,-39,-39,54,0,0,0,0,0,0,0,0,171,211,
221,235,203,206,249,202,216,289,149,350,329,407,409,539,550,529,564,581,416,
501,453,456,516,678,787,792,818,964,1171,1139,1506,1596,996,1428,1102,1102,
1184,1212,1233]} 1. Nf3 d5 2. g3 g6 3. Bg2 Bg7 4. d4 Nf6 5. c4 c6 6. cxd5 cxd5
7. Nc3 O-O 8. Ne5 e6 {This is supposed to be the cleanest path to equality.
Black wants to play ...Nfd7 and later ...Nc6.} (8... Nc6 9. O-O e6 10. Bg5 h6
11. Nxc6 bxc6 12. Bf4 Nd7 13. Qd2 Qb6 14. Rfd1 Ba6 15. Rac1 Rfd8 16. e4 Rac8
17. Na4 $14 {1-0 (35) Yu Yangyi (2753)-Lu Shanglei (2638) Danzhou 2017}) 9. Bg5
$5 h6 (9... Qb6 {is a more common answer.} 10. Qd2 Nfd7 (10... Nc6 11. Nxc6
Qxc6 12. O-O Bd7 13. Bh6 b5 14. Bxg7 Kxg7 15. a3 Rac8 16. Rfc1 Qb6 17. e3 {
White will try to bring his knight to d3 and will be better if he manages so,
as in the game Kamsky,G (2729)-Mamedyarov,S (2731) Almaty 2008, 1-0 (26).}) (
10... Nbd7 11. f4 $5 Nxe5 12. fxe5 Nd7 13. Be7 Re8 14. Ba3 f6 15. exf6 Nxf6 16.
O-O $14 {½-½ (16) Vaganian,R (2653)-Smirin,I (2662) Togliatti 2003}) 11. Be3
$5 Nxe5 (11... Nc6 12. Nxc6 bxc6 13. Rc1 a5 14. b3 Ba6 15. Na4 $36 {½-½ (32)
Mamedyarov,S (2742)-Shirov,A (2741) Villarrobledo 2008}) 12. dxe5 Qb4 $1 13. a3
Qb3 14. f4 Nc6 15. O-O Rd8 16. Bf2 {and it's very difficult to assess this
critical position, where several games have been played.}) 10. Bf4 Nfd7 11. O-O
Nxe5 12. Bxe5 Bxe5 13. dxe5 Nc6 14. Qd2 Kg7 (14... Nxe5 15. Qxh6 {would
supposedly favour White, as Black's king becomes weaker.}) 15. Rad1 $146 (15.
f4 b6 (15... b5 $5) 16. Nb5 Ba6 17. Nd6 Ne7 18. Rfc1 Nc8 19. Rc6 Nxd6 20. Rxd6
Qe7 21. e4 Rad8 22. exd5 (22. Qd4 $5) 22... Rxd6 23. exd6 Qxd6 24. Qc3+ Kh7 25.
dxe6 Rc8 26. Qf6 Qxe6 27. Qxe6 fxe6 28. Rd1 Rc7 $11 {½-½ (54) Ding Liren 
(2777)-Korobov,A (2652) Huai'an 2017}) 15... b6 $5 (15... Nxe5 16. e4 Nc4 (
16... d4 17. Qxd4 Qxd4 18. Rxd4 Nc6 19. Rd6 e5 20. f4 $36) 17. Qc1 (17. Qe2 $5
Re8 18. exd5 exd5 19. Qd3 $36) 17... Nd6 18. Rfe1 $5 f6 $5 19. b3 $5 {and
White will wait for the right moment in order to capture on d5.}) 16. f4 (16.
Rfe1 $5 Ba6 17. Qf4 {looked more accurate to me.}) (16. e4 $2 d4 $132) 16...
Ba6 17. Rf3 Rc8 18. g4 Qh4 $6 (18... b5 19. Rh3 b4 20. Nb1 Qb6+ {looks more
than decent for Black.}) 19. Rg3 h5 $4 {Black traps his own queen on h4 and
from now on White can repeat moves (Rh3-g3) any time he wants.} 20. g5 $2 (20.
gxh5 $1 {was stronger, though:} Qxh5 21. Rh3 Qg4 22. f5 $1 Nxe5 23. Qe3 $1 $18)
20... Rfd8 (20... Ne7 $5 21. e4 d4 22. Nb1 Rfd8 {should be fine for Black.})
21. Rh3 Qg4 22. Rg3 Qh4 (22... Qf5 $4 23. Bh3 $18) 23. Rf1 Ne7 24. f5 $4 {
Perhaps it was time to make a draw!} gxf5 $4 {The risk paid off!} (24... Nxf5
25. Rf4 d4 $1 26. Nd5 $8 (26. Ne4 Rc2 $1 {is what Ding missed, as he admitted
later}) 26... Nxg3 27. Rxh4 Nxe2+ 28. Kf2 exd5 $17) 25. Rf4 d4 26. Nb1 Qxf4 27.
Qxf4 Ng6 (27... Bxe2 28. Qd2 d3 29. Nc3 $18) 28. Qd2 Nxe5 29. Ra3 Bb5 30. Rxa7
Ng4 31. Na3 Bxe2 32. h3 $1 (32. Qxe2 Rc1+ 33. Bf1 Ne3 {would give Black some
chances.}) 32... d3 33. hxg4 hxg4 34. Nb1 e5 35. Qe3 Rc5 36. Nd2 Rd4 37. Qg3
Rc1+ 38. Kh2 f4 {Black has many pawns, but unfortunately for him, not that
many pieces.} 39. Qh4 g3+ 40. Kh3 Rd6 41. Bd5 Re6 42. Rxf7+ Kxf7 43. Qh7+ Kf8
44. Qf5+ 1-0